Taylor Swift - Paroles Vigilante Shit - Statistiques

Statistiques générales
  • Ce quiz a été pris 223 fois
  • Le résultat moyen est 225 sur 266
Statistiques - réponses
Hint Réponse % Correct
I
100%
a
98%
the
98%
The
98%
You
98%
you
98%
men
97%
don't
95%
Don't
95%
man
95%
be
94%
but
94%
for
94%
I'm
94%
kill
94%
So
94%
so
94%
to
94%
dress
93%
on
93%
and
92%
And
92%
revenge
92%
Couplet 2 | Refrain She
92%
she
92%
shit
92%
been
91%
I've
91%
me
91%
dressing
90%
it
90%
it,
90%
of
90%
your
90%
enough
89%
in
89%
women
89%
get
88%
he
88%
Lately
88%
some
88%
them
88%
can
87%
eye,
87%
how
87%
looks
87%
tell
86%
vigilante
86%
worst
86%
lady
85%
cat
84%
ends
84%
Couplet 1 Draw
83%
sharp
83%
start
83%
she's
82%
try
82%
bad
81%
did
81%
even
80%
sad,
80%
weekends
80%
last
79%
might
79%
pretty
79%
things,
79%
friends
78%
people
78%
say
78%
Driving
77%
from?
77%
Bridge Ladies
77%
want
77%
had
76%
what
76%
wonder
76%
always
75%
FBI
75%
got
75%
her
75%
innocents
75%
kind
75%
lie
75%
Or
75%
They
75%
where
74%
Benz
73%
know
73%
Someone
73%
villains
73%
was
73%
one
72%
above
71%
again
71%
gave
71%
sweet
71%
think
71%
which
71%
will
71%
simply
70%
Sometimes
69%
all
68%
doing
68%
fun
67%
rise
67%
ex-wife
66%
kids,
64%
lines
64%
envelope,
63%
mine
63%
pride
63%
proof
63%
with
63%
house,
61%
Now
61%
cold
60%
told
59%
needed
58%
crossing
56%
gets
55%
my
55%
Picture
55%
white
55%
crimes
53%
hard
53%
his
52%
Couplet 3 While
45%
as
44%
collar
44%
thieves
42%
thick
40%
Aucun quiz correspondant
Distribution des résultats
% des personnes avec chaque résultat
Percentile par nombre de réponses
Votre historique - résultats
Vous n’avez pas pris ce quiz